Statistics for TOP 10 Countries in: Lowest Tax Rates

Click here to take the quiz!

General Stats

  • This quiz has been taken 70 times
  • The average score is 4 of 10

Answer Stats

Tax (%)Answer% Correct
9.810Qatar
81%
13.201United Arab Emirates
81%
14.735Saudi Arabia
80%
14.847Bahrain
66%
9.296Maldives
22%
0.254Timor Leste
12%
8.621Vanuatu
12%
14.538Zambia
7%
9.810Namibia
5%
9.638Macedonia
2%

Score Distribution

Percentile by Number Answered

Percent of People with Each Score

Your Score History

You have not taken this quiz